[Event "GCT Saint Louis Blitz 2019"]
[Site "Saint Louis"]
[Date "2019.08.14"]
[Round "13"]
[White "Aronian, Levon"]
[Black "Caruana, Fabiano"]
[Result "1/2-1/2"]
[WhiteElo "2765"]
[BlackElo "2818"]
[Annotator "TA"]
[PlyCount "112"]
[EventDate "2019.08.13"]
[EventType "tourn"]
[EventCountry "USA"]
[SourceTitle "playchess.com"]
[Source "ChessBase"]
[SourceQuality "1"]

{[%evp 9,112,0,25,21,26,18,39,0,12,14,46,18,14,0,31,19,18,25,66,58,72,55,106,67,84,39,60,29,110,99,130,131,130,93,83,89,78,97,114,74,83,75,154,154,154,154,147,148,215,211,210,210,210,222,227,210,412,255,316,159,225,245,352,272,393,185,444,436,463,475,406,383,472,461,957,959,1015,978,29974,29976,5122,381,363,356,422,367,359,8,8,0,0,0,0,0,0,0,0,-8,-8,-8,0,0,-8,-8,-8]} 1. c4 Nf6 2. g3 c6 3. Bg2 d5 4. Nf3 dxc4 5. O-O g6 6. Qc2 {A11: English Opening: 1...c6} (6. Na3 Bg7 7. Nxc4 O-O 8. b3 Nbd7 9. Bb2 Nb6 10. Qc1 Nxc4 11. bxc4 Bg4 12. h3 Bxf3 13. Bxf3 Qc7 {0-1 (56) Aronian,L (2785)-Malakhov,V (2713) Doha 2016}) 6... Bg7 7. Qxc4 O-O 8. Qc2 {White is slightly better.} Bf5 9. d3 Qc8 $146 ({Predecessor:} 9... Re8 10. Bf4 Nbd7 11. e4 Bg4 12. d4 Nh5 13. Be3 Bxf3 14. Bxf3 {0-1 (60) Valdes Romero,L (2391)-Rakesh,K (2247) Hoogeveen 2016}) 10. Nc3 Bh3 11. d4 Na6 12. Rd1 Bxg2 13. Kxg2 Nd5 14. e4 Nxc3 15. bxc3 b5 (15... b6 $14) 16. a4 Nc7 17. Be3 a6 18. h4 h6 (18... f5 $11) 19. c4 $16 Ne6 20. Rac1 bxa4 21. d5 ({But not} 21. Qxa4 $6 f5 $14) 21... cxd5 22. cxd5 Qxc2 23. Rxc2 Nd8 24. Ra2 Nb7 25. Rxa4 a5 {[#]} (25... Rfc8 $142) 26. Rb1 $1 {[%cal Rb1b7]} Nd6 27. e5 Nf5 28. Bd2 $36 {[%mdl 2048] Keeping Black busy.} g5 (28... h5 $16 29. Rb5 (29. Bxa5 Rfc8 $16) (29. Rxa5 Rxa5 30. Bxa5 Rc8 $16) 29... f6) 29. hxg5 $18 hxg5 30. Bxg5 f6 31. Bf4 fxe5 32. Bxe5 Ra6 $2 (32... Bf6 33. Rb7 Rf7) 33. Rb5 Rfa8 34. g4 (34. Rg4 $18) 34... Nd6 (34... Nh4+ $16 35. Nxh4 Bxe5) 35. Bxd6 exd6 (35... Rxd6 $142 36. Rbxa5 Rxa5 37. Rxa5 Rg6) 36. Nd2 Bc3 (36... Rf8 {was called for.} 37. f4 (37. Raxa5 Rxa5 38. Rxa5 Bc3 $18) 37... Ra7) 37. Nc4 (37. Ne4 $142 Rc8 38. f4) 37... Bb4 $2 (37... Rf8 {was worth a try.} 38. Ne3 Raa8) 38. f4 Bc3 39. Kf3 Re8 40. Ne3 Bd2 41. Nf5 Re1 (41... Raa8 $142 42. Nxd6 Reb8) 42. Rc4 Ra8 43. Rb7 Rc1 44. Rxc1 Bxc1 45. Nxd6 $2 {[%mdl 4096] Endgame KRB-KRN} (45. g5 {Threatening mate with g6.} Bd2 46. Rc7) 45... a4 46. Rb1 Ba3 47. Nc4 Bc5 {Black hopes to continue with ...a3.} 48. g5 $2 (48. Ra1 $18) 48... a3 $11 {With the idea ...a2.The position is equal.} 49. Nxa3 Rxa3+ {KRB-KR} 50. Kg4 Ra4 51. Kf5 Bd6 52. Kg6 {[#] Strongly threatening f5.} Rxf4 53. Rb6 Bf8 54. Rb8 Ra4 55. Rd8 Ra6+ 56. d6 Rxd6+ {Accuracy: White = 44%, Black = 29%.} 1/2-1/2

[Event "GCT Saint Louis Blitz 2019"]
[Site "Saint Louis"]
[Date "2019.08.14"]
[Round "13"]
[White "Dominguez Perez, Leinier"]
[Black "Yu, Yangyi"]
[Result "1-0"]
[WhiteElo "2763"]
[BlackElo "2752"]
[Annotator "TA"]
[PlyCount "163"]
[EventDate "2019.08.13"]
[EventType "tourn"]
[EventCountry "USA"]
[SourceTitle "playchess.com"]
[Source "ChessBase"]
[SourceQuality "1"]

{[%evp 9,163,35,33,23,27,35,41,15,31,21,25,16,35,20,32,36,43,39,35,33,77,39,43,43,40,46,36,63,62,27,32,21,25,28,54,56,59,47,48,40,31,33,28,37,45,15,9,0,38,13,16,26,33,17,26,18,20,14,63,8,63,63,63,66,107,21,21,5,5,5,5,5,158,163,163,168,148,73,73,31,74,0,0,0,0,0,0,-8,-16,-934,57,8,8,8,277,257,246,246,246,245,245,43,43,8,8,8,8,8,8,8,51,51,51,51,13,29,601,569,959,875,2538,2524,2033,1654,1672,1284,2370,2025,29964,9536,29973,29974,29974,29975,29974,0,5422,0,29974,29975,29976,29975,29975,29976,29978,29980,29986,29976,29976,29977,29979,29980,29983,29984,29983,29978]} 1. e4 c5 2. Nf3 e6 3. d4 cxd4 4. Nxd4 Bb4+ (4... Nc6 5. Nc3 Nf6 6. Ndb5 d6 7. Bf4 e5 8. Bg5 a6 9. Na3 b5 10. Nd5 Be7 11. Bxf6 Bxf6 12. c4 b4 13. Nc2 O-O 14. g3 Be6 15. Bg2 Bxd5 16. cxd5 Nd4 17. O-O Nxc2 18. Qxc2 Bg5 19. h4 Bh6 20. a3 {½-½ (32) Jakovenko,D (2719)-Giri,A (2797) Shenzhen 2019}) 5. c3 Be7 6. c4 {B40: Sicilian: 2...e6, Unusual lines} Nf6 7. Nc3 O-O 8. e5 {White is slightly better.} Ne8 9. Be2 $146 ({Predecessor:} 9. Bd3 Nc6 10. Nf3 a6 11. O-O d6 12. Bf4 dxe5 13. Nxe5 Nxe5 14. Bxe5 Bf6 15. Bxf6 Nxf6 16. Qf3 Qc7 17. b3 Bd7 18. Rfe1 Bc6 19. Qh3 Qf4 20. Rad1 g6 21. Qe3 {½-½ (20) Klima,M (1638)-Vavra,V (1552) Valasska Bystrice 2014}) 9... d6 10. exd6 Qxd6 11. Be3 Nc6 12. O-O Nf6 13. Nxc6 Qxc6 14. Qb3 Bc5 15. Bf3 Qc7 $1 16. Nb5 Qe7 17. Bxc5 Qxc5 18. Rfd1 Rb8 19. Rac1 Bd7 20. Qe3 Qxe3 21. fxe3 Bxb5 22. cxb5 e5 23. Rc7 e4 24. Be2 Rfc8 25. Rdc1 Rxc7 26. Rxc7 $14 {[%mdl 4096] Endgame KRB-KRN} Nd5 27. Rd7 Nf6 $1 {[%cal Rf6d7]} 28. Rc7 {aiming for Bc4.} Nd5 29. Rc5 Rd8 $1 30. Kf2 Kf8 31. Bc4 Nb6 32. Bb3 Rc8 33. Re5 Re8 (33... Rc1 {feels hotter.} 34. Kg3 h6 35. Rxe4 Re1 36. h4 Re2) 34. Rxe8+ Kxe8 {KB-KN} 35. Kg3 $1 Nc8 36. Kf4 Nd6 37. a4 ({White should try} 37. Bd5 $1 $16) 37... f6 $11 38. Bd5 g5+ 39. Kg4 b6 40. Kh5 Ke7 $2 (40... Kf8 $11) 41. g4 $1 $16 Nf7 42. Bxe4 Ne5 43. Bxh7 (43. b3 $142 $1) 43... Nc4 44. e4 Kd6 45. Bg8 (45. b4 $16) 45... Nxb2 $11 46. Bb3 Ke5 47. Kg6 Nd3 48. Kf7 Nf2 {[%mdl 64] Double Attack} 49. Ke7 $2 {[%mdl 8192]} (49. Be6 $11) 49... Nxe4 $2 (49... Nxg4 $19 50. h3 Nf2 {[%mdl 64] Double Attack}) 50. Kd8 (50. Bc2 $5 {[%cal Rc2e4]} Nc5 51. h3 $11) 50... Nc5 51. Bc2 Kd6 $2 {[%mdl 8192]} (51... Kf4 $11 {and Black is okay.} 52. Kc8 Kxg4) 52. Kc8 $1 $18 a5 53. bxa6 $1 Nxa6 54. Kb7 Nb4 55. Bb1 $2 (55. Be4 $1 $18 Kc5 56. Kc7) 55... Kc5 $1 $14 56. Kc7 Nc6 $1 57. h3 Ne5 58. Kd8 {And now Ke7 would win.} Kd6 59. Ke8 Nc4 60. Kf7 Ke5 61. Ke7 Nd2 $1 {[%cal Rd2b1]} 62. Bc2 Nc4 $2 {[%mdl 8192] [#]} (62... Kf4 $11) 63. Kd7 $1 $18 {[%cal Rd7c7]} Kd5 64. Bb3 Kc5 65. Ke6 Nd2 66. Bc2 Kd4 67. Kxf6 Nf3 68. Bd1 Ng1 69. Kxg5 Nxh3+ 70. Kf5 Kc5 71. Be2 Ng1 72. Bd1 (72. Bb5 $142 Kd6 73. g5 Nf3 74. Kf6 Nd2 75. Bd3 Nf3 76. g6 Ne5 77. g7) 72... Nh3 $1 73. Be2 (73. Bf3 $18 Kd6 74. g5) 73... Ng1 $1 74. Bb5 {White mates.} Kd6 75. Kf6 Nf3 76. g5 Ne5 77. g6 Ng4+ 78. Kf7 Ne5+ {[#]} 79. Kg7 $1 {[%cal Rg7f6]} Ke7 80. Kh7 Ng4 81. g7 Nf6+ 82. Kh8 {Accuracy: White = 63%, Black = 50%.} 1-0

[Event "GCT Saint Louis Blitz 2019"]
[Site "Saint Louis"]
[Date "2019.08.14"]
[Round "13"]
[White "Karjakin, Sergey"]
[Black "Rapport, Richard"]
[Result "1-0"]
[WhiteElo "2750"]
[BlackElo "2747"]
[Annotator "TA"]
[PlyCount "141"]
[EventDate "2019.08.13"]
[EventType "tourn"]
[EventCountry "USA"]
[SourceTitle "playchess.com"]
[Source "ChessBase"]
[SourceQuality "1"]

{[%evp 16,141,13,2,6,8,19,0,41,41,48,44,43,43,43,41,47,45,45,20,19,18,19,19,27,26,27,26,26,26,22,28,38,30,29,29,54,54,54,54,54,49,51,42,58,42,42,42,52,46,104,104,102,96,96,96,104,104,109,102,97,96,96,96,96,96,96,94,125,125,121,119,122,122,125,123,127,116,135,125,120,120,127,141,129,92,92,92,112,106,132,132,132,132,132,127,123,123,375,153,149,0,375,368,354,354,361,346,346,346,346,346,346,346,346,346,346,346,643,515,515,377,5449,487,751,714,10467,9515]} 1. e4 e5 2. Nf3 Nc6 3. Nc3 Nf6 4. d4 exd4 5. Nxd4 Bb4 6. Nxc6 bxc6 7. Bd3 d5 8. Bd2 O-O 9. O-O Rb8 {C47: Scotch Four Knights and Four Knights with 4 g3} 10. Re1 Re8 (10... Bg4 {seems wilder.} 11. f3 Bh5 12. b3 Bd6 13. exd5 cxd5 14. Qc1 Re8) 11. a3 (11. exd5 {is interesting.} Rxe1+ 12. Qxe1 cxd5 13. a3 Bd6 14. Nb5) 11... Bxc3 $146 {The position is equal.} (11... Bd6 {looks sharper.} 12. exd5 cxd5 13. Rxe8+ Qxe8 14. b4 c5) ({Predecessor:} 11... Bf8 12. b4 h6 13. h3 dxe4 14. Nxe4 Nxe4 15. Bxe4 c5 16. Bf4 Qxd1 17. Raxd1 {½-½ (25) Motylev,A (2644)-Karjakin,S (2753) St Petersburg 2018}) 12. Bxc3 dxe4 {[#]} 13. Bxe4 $1 {[%mdl 512]} Qxd1 (13... Rxe4 14. Qxd8+) 14. Raxd1 Nxe4 {[#]} 15. Rxe4 $1 {[%cal Re4e8][%mdl 512]} Bf5 (15... Rxe4 16. Rd8+) 16. Rxe8+ Rxe8 $14 {[%mdl 4096] Endgame KRB-KRB} 17. h3 Bxc2 18. Rd7 Rc8 19. Rd4 Bb3 20. Rg4 g6 21. Rb4 Bd5 22. Ra4 Ra8 23. Ra6 c5 24. Ra5 c6 25. Rxc5 f5 26. Ra5 a6 27. Ra4 Kf7 28. Rb4 Ra7 29. f3 a5 30. Rb8 a4 31. h4 Ke6 32. Kf2 f4 (32... Bc4 $14) 33. Rb4 $16 Kf5 34. Bd2 Bb3 35. Rxf4+ Ke6 36. Bc3 Re7 37. Kg3 Rf7 38. Re4+ Kd7 39. Rb4 Ke6 40. Rb6 Kd5 41. Ra6 c5 42. h5 gxh5 43. Rh6 Bc2 44. Rxh5+ Kc6 45. Kf2 Bg6 46. Re5 Kd6 47. Re1 Re7 48. Rd1+ Ke6 49. g4 h5 50. Kg3 hxg4 51. fxg4 Kf7 52. Rd5 Rc7 53. Rd6 {Black must now prevent Rf6+.} Bc2 54. g5 Re7 55. Rf6+ Kg8 56. Rc6 Re3+ $2 {[%mdl 8192]} (56... Kf7 $16 {is a better defense.} 57. Rxc5 Re2) 57. Kf4 (57. Kf2 $1 $18 {[%cal Rf2e3] is the precise move to win.} Re8 58. g6 (58. Rxc5 Kf7 $16)) 57... Re4+ 58. Kg3 $2 (58. Kf3 $16) 58... Re3+ $1 $18 {[#]} 59. Kf2 $1 Re7 60. g6 {Rc8+ would kill now.} ({Weaker is} 60. Rxc5 Re6 $18) 60... Re8 61. g7 ({Less strong is} 61. Rxc5 Bxg6 62. Rc7 Bf7 $16) 61... Bb3 62. Rxc5 Kf7 63. Rf5+ Kg8 64. Rh5 Kf7 65. Rh8 Rg8 66. Ke3 Ke7 $2 (66... Kg6 67. Rh1 Re8+ 68. Kd3 Kf7) 67. Kf4 Re8 68. Kg5 Bg8 $2 (68... Kf7 69. Bf6 Rg8) 69. Rh6 (69. Kg6 $142 Rb8 70. Bb4+ Kd7 {[#]} 71. Rxg8 $1 {[%mdl 512]} Rxg8 72. Kh7 Rxg7+ 73. Kxg7) 69... Ra8 (69... Kd7 $142 70. Kf5 Rc8) 70. Rf6 Bf7 71. Bb4+ {Accuracy: White = 75%, Black = 51%.} 1-0

[Event "GCT Saint Louis Blitz 2019"]
[Site "Saint Louis"]
[Date "2019.08.14"]
[Round "14"]
[White "Caruana, Fabiano"]
[Black "Carlsen, Magnus"]
[Result "1-0"]
[WhiteElo "2818"]
[BlackElo "2882"]
[Annotator "TA"]
[PlyCount "123"]
[EventDate "2019.08.13"]
[EventType "tourn"]
[EventCountry "USA"]
[SourceTitle "playchess.com"]
[Source "ChessBase"]
[SourceQuality "1"]

{[%evp 11,123,46,36,37,42,39,24,4,6,4,35,23,76,79,106,88,92,89,108,101,99,104,95,95,116,80,80,77,76,71,162,166,150,160,159,139,145,150,146,142,593,602,562,595,589,585,552,486,543,535,595,481,459,361,315,302,447,346,412,401,459,444,493,440,556,539,530,531,631,614,1454,384,560,0,1508,1407,1035,814,1265,847,835,804,776,767,826,852,1106,1100,1096,1080,1068,952,29946,4831,29994,29990,29990,29991,29996,29981,29981,29982,29980,29981,29991,29992,29992,29992,29992,29993,29997,29997,29997,720]} 1. e4 e5 2. Nf3 Nc6 3. Bb5 f5 4. d3 fxe4 5. dxe4 Nf6 6. O-O d6 7. Bc4 {C63: Ruy Lopez: Schliemann/Jaenisch Defence} Bg4 8. h3 Bh5 $1 9. Nc3 {White has an edge.} Qd7 (9... Nd4 10. g4 Nxf3+ 11. Qxf3 Bg6 12. Be6 c6 13. Be3 Qe7 14. Bb3 Bf7 {0-1 (77) Caruana,F (2832)-Aronian,L (2765) London 2018}) 10. Be3 Be7 11. a4 Rf8 $146 (11... a6 $11 {remains equal.}) ({Predecessor:} 11... a6 12. Re1 Nb4 13. g4 Bxg4 14. hxg4 Qxg4+ {1-0 (27) Hovhannisyan,R (2600)-Nisipeanu,L (2643) Dubai 2012}) 12. Be2 $36 {[%mdl 2048] Black is under strong pressure.} Bxf3 13. Bxf3 Kf7 14. Nd5 Kg8 15. a5 a6 16. c3 Kh8 17. Qb3 Nd8 18. Rad1 Nxd5 {[#]} 19. Bg4 $1 {[%cal Rg4d7]} (19. Qxd5 {[#]} Rxf3 $1 {[%mdl 512]} 20. gxf3 Qxh3 $17) 19... Qb5 20. Qxd5 Qxb2 (20... Qxd5 $16 21. Rxd5 (21. exd5 Nf7 $14) 21... Nf7) 21. Qc4 $18 c6 22. Rb1 {[%mdl 1024] White has strong compensation.} Qa3 23. Bb6 Nf7 24. Ra1 Qb2 25. Rfb1 d5 $2 {[%mdl 8192]} (25... Qc2 $16) 26. Qd3 ({Weaker is} 26. Rxb2 dxc4 27. Rd1 Nd6 $16) 26... dxe4 27. Qd7 {[%mdl 64] Double Attack} ({Worse is} 27. Rxb2 exd3 28. Bf5 Nd6 $11) 27... Qxc3 28. Qxe7 Nh6 29. Be3 {Hoping for Bxh6.} Rf7 30. Qe6 Raf8 31. Ra2 Nxg4 32. hxg4 Qd3 33. Qb3 Qd7 (33... Qxb3 $142 34. Rxb3 Rd8) 34. Qd1 Qe6 35. Rd2 h6 36. Rbb2 Kh7 37. Rd6 Qe7 {[#]} 38. g5 $1 {[%mdl 512]} hxg5 39. Rbd2 Kg8 40. Qg4 Qc7 41. Bb6 $2 (41. Rd7 Qc8 42. Bxg5) 41... Qe7 (41... Qc8 $142 42. Qxg5 Qf5) 42. Be3 (42. Bd8 $142 Qe8 43. Bxg5 (43. Qxe4 Rxf2 44. Rxf2 Rxf2 $18)) 42... Qc7 43. Rd7 Qc8 44. Qe6 c5 45. Qc4 Qe8 46. Rxb7 {Rdd7 is the strong threat.} Kh7 47. Rxf7 Rxf7 48. Qxa6 Qa4 {[#]} 49. Qe6 $1 Qa1+ {[#]} 50. Kh2 $1 Rf6 51. Qg4 Qxa5 52. Qxe4+ Kh6 53. Qh4+ {[%mdl 64] Double Attack. White mates.} Kg6 54. Qxg5+ {[%mdl 64] Double Attack} Kh7 55. Qh5+ Kg8 56. Qe8+ Kh7 57. Rd8 Rf5 58. Qg8+ Kg6 59. Rd6+ Rf6 60. Qe8+ Kf5 61. Qh5+ Ke4 62. Qg4+ {[%mdl 64] Double Attack. Accuracy: White = 82%, Black = 41%.} 1-0

[Event "GCT Saint Louis Blitz 2019"]
[Site "Saint Louis"]
[Date "2019.08.14"]
[Round "14"]
[White "Ding, Liren"]
[Black "Vachier-Lagrave, Maxime"]
[Result "1-0"]
[WhiteElo "2805"]
[BlackElo "2778"]
[Annotator "TA"]
[PlyCount "73"]
[EventDate "2019.08.13"]
[EventType "tourn"]
[EventCountry "USA"]
[SourceTitle "playchess.com"]
[Source "ChessBase"]
[SourceQuality "1"]

{[%evp 19,73,12,7,0,0,0,0,0,0,0,0,0,0,0,5,7,7,7,7,7,7,7,77,79,81,79,71,2,46,31,51,39,77,79,85,79,92,95,108,89,90,63,137,114,377,379,560,554,847,843,802,781,2585,2570,29969,29967]} 1. d4 Nf6 2. c4 g6 3. g3 c6 4. Bg2 d5 5. cxd5 cxd5 6. Nf3 Bg7 7. Ne5 Ne4 8. Nd2 Nd7 9. O-O O-O 10. Nxe4 dxe4 11. Nxd7 {D79: Fianchetto Grünfeld: Symmetrical Variation (6 0-0 c6 7 cxd5 cxd5)} (11. Bf4 Nf6 12. e3 Be6 13. Qe2 Rc8 14. Rfc1 Rxc1+ 15. Rxc1 Bxa2 16. Nc4 Qc8 17. Qc2 Bxc4 18. Qxc4 Qf5 {½-½ (77) Ding,L (2742)-Grischuk,A (2795) Tromsoe 2014}) 11... Bxd7 12. Bxe4 Bh3 13. Bxb7 {The position is equal.} Rb8 14. Bg2 Bxg2 15. Kxg2 Bxd4 16. Bh6 Re8 $146 ({Predecessor:} 16... Qd5+ 17. Kg1 {½-½ (17) Ornstein,A (2450)-Moberg,K (2420) Borlange 1995}) 17. Rb1 Bxb2 18. Qxd8 Rexd8 19. Rfd1 Rxd1 20. Rxd1 $11 {[%mdl 4096] Endgame KRB-KRB} f6 (20... Ba3 $11) 21. Rd7 $16 Kf7 22. Bf4 ({Reject} 22. Rxa7 g5 $11) 22... Ra8 {[#]} 23. a4 (23. Be3 $1 $16) 23... Bc3 24. Be3 a5 25. Bc5 Re8 26. Rb7 f5 27. Kf3 Ke6 28. e4 h5 29. h4 Kf6 30. Ke3 e6 ({Black should try} 30... e5 $14) 31. Rb3 Be5 $2 {[%mdl 8192] [#]} (31... Ba1 $16) 32. f4 $18 Bb8 (32... Ba1 $142 33. e5+ Kg7 34. Rb7+ Kg8) 33. e5+ Kf7 34. Rb7+ Kg8 35. Kd4 Rc8 36. Bd6 Bxd6 37. exd6 {Accuracy: White = 75%, Black = 25%.} 1-0

[Event "GCT Saint Louis Blitz 2019"]
[Site "Saint Louis"]
[Date "2019.08.14"]
[Round "14"]
[White "Mamedyarov, Shakhriyar"]
[Black "Karjakin, Sergey"]
[Result "1-0"]
[WhiteElo "2764"]
[BlackElo "2750"]
[Annotator "TA"]
[PlyCount "47"]
[EventDate "2019.08.13"]
[EventType "tourn"]
[EventCountry "USA"]
[SourceTitle "playchess.com"]
[Source "ChessBase"]
[SourceQuality "1"]

{[%evp 16,47,-8,-4,-6,-12,-10,-4,0,-47,-51,-102,4,14,8,17,24,8,137,129,333,196,190,181,253,253,348,330,472,456,465,460,569,529]} 1. e4 e5 2. Nc3 Nf6 3. g3 d5 4. exd5 Nxd5 5. Bg2 Nxc3 6. bxc3 Bd6 7. Ne2 O-O 8. O-O Nc6 9. Rb1 Re8 {C26: Vienna Game: 2...Nf6, sidelines} (9... Ne7 10. c4 c6 11. Bb2 Be6 12. d3 Qd7 13. Re1 Rad8 14. Nc3 f5 15. a4 Ng6 16. Bc1 Bc5 17. Be3 Bxe3 18. Rxe3 {½-½ (66) Granda Zuniga,J (2680)-Pavlidis,A (2463) Skopje 2014}) 10. d4 h6 $146 ({Predecessor:} 10... exd4 11. cxd4 Na5 12. Nc3 Rb8 13. Qh5 b6 14. Nb5 a6 15. Nxd6 cxd6 16. Bg5 Qd7 17. Rfe1 b5 18. Bh3 {1-0 (18) Zipfel,F (2215)-Winterfeld,D (2215) Germany 1997}) 11. Be3 Qf6 {The position is equal.} 12. Qd3 a6 13. d5 {[#]} ({White should try} 13. Qd2 $15) 13... Bf5 (13... e4 $1 $17 {[%cal Re4d3]} 14. Bxe4 Ne5) 14. Be4 $11 Bxe4 15. Qxe4 Na5 16. c4 {[%cal Bc3c4,Bc4c5][%mdl 32] Strongly threatening c5.} b6 {[#]} (16... Qe7 $11 {remains equal.}) 17. c5 $1 $36 {[%cal Rc5d6][%mdl 2560] White is on the roll.} bxc5 $2 (17... Bf8 $16) 18. Qa4 (18. Bd2 $142) 18... Qf3 $18 19. Rfe1 f5 (19... c6 $142 20. Bd2 (20. Qxa5 cxd5 21. Bxc5 Bxc5 $16) 20... cxd5) 20. Qxa5 f4 21. Bxc5 Qg4 (21... fxg3 {might work better.} 22. Nxg3 Qxd5) 22. Bxd6 {White is clearly winning.} cxd6 23. Qa4 Qf5 {[#]} 24. Nxf4 $1 {[%mdl 64] Pin. Accuracy: White = 55%, Black = 25%.} 1-0

[Event "GCT Saint Louis Blitz 2019"]
[Site "Saint Louis"]
[Date "2019.08.14"]
[Round "14"]
[White "Yu, Yangyi"]
[Black "Aronian, Levon"]
[Result "1/2-1/2"]
[WhiteElo "2752"]
[BlackElo "2765"]
[Annotator "TA"]
[PlyCount "53"]
[EventDate "2019.08.13"]
[EventType "tourn"]
[EventCountry "USA"]
[SourceTitle "playchess.com"]
[Source "ChessBase"]
[SourceQuality "1"]

{[%evp 10,53,31,32,44,38,35,0,0,0,0,0,0,6,29,29,33,33,22,22,33,20,24,22,26,22,27,25,22,14,28,2,34,18,28,0,18,0,12,7,9,0,0,0,0,-51]} 1. e4 e5 2. Nf3 Nc6 3. Nc3 Nf6 4. Bb5 Nd4 5. Bc4 Bc5 6. Nxe5 Qe7 {C48: Four Knights: 4 Bb5, replies other than 4...Bb4} 7. Nf3 (7. Bxf7+ Kf8 $17) 7... d5 {[%mdl 64] [#] Decoy} 8. Nxd5 (8. Bxd5 Bg4 9. d3 Nd7 10. Be3 Ne5 11. Bxf7+ Nxf7 12. Nd5 Qd7 13. c3 Nxf3+ 14. gxf3 Bxe3 15. Nxe3 {0-1 (26) Adhiban,B (2689)-Yu,Y (2764) Caleta 2019}) 8... Qxe4+ {[%mdl 64] Double Attack} 9. Ne3 Bg4 10. Be2 $1 Nxe2 11. Qxe2 Bxe3 $146 (11... O-O-O {seems wilder.} 12. d3 Qe6 13. Nxg4 Qxe2+ 14. Kxe2 Nxg4 15. Bg5 Rde8+) ({Predecessor:} 11... O-O-O 12. d3 Qa4 13. c3 Rhe8 14. d4 {0-1 (36) Cadilhac,I (2286)-Tutisani,N (2471) Manavgat 2018}) 12. Qxe3 O-O-O {[#] Hoping for ...Bxf3.} 13. Qxe4 Nxe4 14. d3 Bxf3 15. gxf3 Nc5 16. Be3 Ne6 17. h4 (17. Bxa7 b6 $17) 17... h5 18. Kd2 ({Not} 18. Bxa7 b6 $17) 18... Rd5 19. Rag1 (19. Bxa7 b6 $17) 19... Rhd8 20. a4 ({Weaker is} 20. Bxa7 b6 $17) 20... c5 21. b3 b6 22. Ke2 Kb7 {The position is equal.} 23. Kd2 Kc6 24. Rg3 Rf5 25. Ke2 g6 26. Kd2 Rd7 27. Ke2 {Accuracy: White = 39%, Black = 49%.} (27. Re1 $11) 1/2-1/2

[Event "GCT Saint Louis Blitz 2019"]
[Site "Saint Louis"]
[Date "2019.08.14"]
[Round "14"]
[White "Rapport, Richard"]
[Black "Dominguez Perez, Leinier"]
[Result "1-0"]
[WhiteElo "2747"]
[BlackElo "2763"]
[Annotator "TA"]
[PlyCount "109"]
[EventDate "2019.08.13"]
[EventType "tourn"]
[EventCountry "USA"]
[SourceTitle "playchess.com"]
[Source "ChessBase"]
[SourceQuality "1"]

{[%evp 12,109,21,21,20,6,25,10,124,130,118,130,135,129,138,142,133,138,134,132,129,110,101,104,165,166,211,206,213,173,185,181,177,162,209,189,185,189,214,218,406,252,252,252,246,242,327,308,342,316,272,272,354,354,554,400,491,477,479,474,470,465,451,350,350,350,342,342,335,253,331,253,252,0,321,255,255,255,287,294,265,279,271,0,0,0,0,0,105,117,141,126,310,245,4622,4622,29974,4618,4618,4598]} 1. d4 d5 2. c4 e6 3. Nc3 Nf6 4. Bg5 Be7 5. e3 h6 6. Bh4 O-O 7. Rc1 Nbd7 {D54: Queen's Gambit Declined: 4 Bg5 Be7: Lines without Nf3} 8. cxd5 Nxd5 $146 ({Predecessor:} 8... exd5 9. Bd3 c5 10. Nf3 b6 11. O-O Bb7 12. Bf5 g6 13. Bxd7 Qxd7 14. dxc5 bxc5 15. Bxf6 Bxf6 16. Ne4 Bxb2 17. Nxc5 Qe7 18. Rc2 Bf6 19. Nxb7 Qxb7 20. Rc5 {1-0 (40) Wang,Y (2684)-Lu,S (2625) China 2019}) 9. Bxe7 Qxe7 (9... Nxe7 $11 {keeps the balance.} 10. Nf3 b6) 10. Nxd5 $16 exd5 11. Rxc7 Qb4+ 12. Qd2 Qb6 13. Rc2 Nf6 14. Bd3 Bg4 15. h3 Bh5 16. Ne2 Bxe2 17. Kxe2 Qd6 (17... Ne4 $16 18. Bxe4 dxe4) 18. Qc3 Rfe8 19. Qc7 Qe6 20. Rhc1 Ne4 {Threatening ...Nxf2.} 21. Bxe4 Qxe4 22. Kf1 Rab8 23. Rc3 Qf5 24. Kg1 a6 25. a4 Rbc8 $2 (25... g5 {was necessary.} 26. b4 Qe6) 26. Qxb7 {[%cal Rc3c8]} Rb8 27. Qxa6 Rxb2 28. Qf1 Reb8 29. g4 Qd7 30. Qd3 g6 31. a5 Ra2 32. Ra3 Rbb2 (32... Rxa3 $142 33. Qxa3 Kg7) 33. Ra1 Rxa1+ 34. Rxa1 $18 {[%mdl 4096] Endgame KQR-KQR} h5 35. Qd1 hxg4 36. hxg4 Rb7 37. a6 Ra7 38. Qe2 Qe6 39. Kg2 Kg7 40. f3 Qc6 41. Qd3 Qb6 42. Qe2 Qc6 $1 43. Ra2 Qb6 44. Qd3 Qc6 45. e4 dxe4 46. fxe4 Qe6 47. d5 $2 (47. Qe2 $18) 47... Qxg4+ $11 48. Kf1 {Black must now prevent Qd4+.} Qf4+ 49. Rf2 Qe5 (49... Qc1+ $11 {remains equal.} 50. Kg2 Qg5+ 51. Kf3 Qh5+ 52. Ke3 Qg5+ 53. Kf3 Qf6+ 54. Ke3 Qg5+ 55. Kf3) 50. d6 $16 {Strongly threatening d7.} Rd7 51. Rd2 $1 $36 {[%mdl 2048] aiming for Qd4. Black is under strong pressure.} Qf4+ $2 {[#]} (51... Qh5 $16) 52. Ke1 $1 $18 Qe5 $2 (52... Rd8 53. d7 Qh4+ 54. Rf2 Qh1+ 55. Kd2 Qa1 56. Qc3+ Qxc3+ 57. Kxc3 Rxd7) 53. Qd4 Kf6 54. Qxe5+ (54. Rf2+ $142 Ke6 55. Qc4+ Kxd6 56. Rd2+ Ke7 57. Rxd7+ {[%mdl 64] Overworked Piece} Kxd7 58. Qxf7+ {[%mdl 64] Double Attack} Kd6 {[#]} 59. Qd5+ $1 {[%mdl 576] Promotion} Qxd5 60. exd5) 54... Kxe5 {[#]} 55. a7 $1 {[%mdl 576] Promotion. Accuracy: White = 60%, Black = 38%.} 1-0